Quizzes
Events
Quiz Creation
Community
Videos
Private Events
Remove Ads
Sign In
Join for FREE
Feedback
Dark Mode
Quiz Categories
Sports
Geography
Music
Movies
Television
Just For Fun
Miscellaneous
History
Literature
Language
Science
Gaming
Entertainment
Religion
Holiday
For Kids
Quiz Lab
Recent
Popular Today
Quiz Kudos Today
Editor Picks
Curator Picks
Quizzes by...
Day
Popularity
Type
Ratings
Length
Year
Community
Subscriptions
Recent Discussions
Orange Saloon
Badges
Playlists
Quests
Create
Leaderboards
Showdown
Live 5
Trivia Bingo
Activity
Puzzle Library
Sporcle Events
Private Events
Virtual Trivia
Globe League
Become a Host
Pub Owners
SporcleCon
Opinionation
Our Games
Videos
Blog
Mobile Apps
Partnerships
Remove Ads and Go Orange
Feedback
Gaming
Video Games
Board Games
Card Games
Pokémon
Mario
Nintendo
Minecraft
Console
Toys
Legend of Zelda
Gaming
Video Games
Board Games
Card Games
Pokémon
Mario
Nintendo
Minecraft
Console
Toys
Legend of Zelda
Random Quiz
Search Sporcle
×
Quiz Lab
Quiz Lab
Gaming
Mario
Type in answers that appear in a list
Type in answers that appear in a list
Classic
Best Score? Go Orange.
Super Mario 64 Enemies Stats
Can you name the Super Mario 64 Enemies?
By
zacharyyale
8m
57 Questions
2,406 Plays
2,406 Plays
2,406 Plays
Comments
Comments
Give Quiz Kudos
Give Quiz Kudos
-
- Ratings
hide this ad
More Info
Replay
Link that replays current quiz
Next Quiz
Link to next quiz in quiz playlist
You Got
0%
They Got
Avg Score
51%
Avg Friend Score
Upgrade to see
Score Distribution
Jump to the score distribution portion of the page
Score
0/57
Timer
08:00
0
Plays Today
Notable Levels
Enemy
% Correct
Bob-
omb Battlefield, Whomp's Fortress, Jolly Roger Bay, Cool Cool Mountain, Shifting Sand Land, Snowman's Land, Tall Tall Mountain, Rainbow Ride, Bowser in the Sky
Goomba
91.5%
Bob-
omb Battlefield, Shifting Sand Land, Tall Tall Mountain, Tick Tock Clock, Rainbow Ride, Bowser in the Fire Sea
Bob-omb
89.5%
Big Boo's Haunt, Castle Courtyard
Boo
84.7%
Whomp's Fortress, Bowser in the Sky
Whomp
83.1%
Bob-
omb Battlefield, Tiny-
Huge Island
Koopa Troopa
80.5%
Big Boo's Haunt
Big Boo
80%
Bowser in the Dark World, Bowser in the Fire Sea, Bowser in the Sky
Bowser
77.8%
Bob-
omb Battlefield
Big Bob-omb
75.9%
Shifting Sand Land
Grindel
75.8%
Whomp's Fortress, Tick Tock Clock
Thwomp
75.2%
Cool Cool Mountain, Snowman's Land
Mr. Blizzard
71.4%
Jolly Roger Bay
Unagi the Eel
69.7%
Bob-
omb Battlefield
Chain Chomp
69.6%
Lethal Lava Land, Bowser in the Fire Sea
Bully
66.7%
Whomp's Fortress
Piranha Plant
65.8%
Whomp's Fortress
Whomp King
61.1%
Cool Cool Mountain
Jumping Snowman
61%
Big Boo's Haunt, Hazy Maze Cave
Scuttlebug
59.7%
Lethal Lava Land
Big Bully
58.4%
Dire Dire Docks
Bub
56.6%
Wet-
Dry World
Skeeter
56.5%
Tiny-
Huge Island
Wiggler
54.7%
Shifting Sand Land, Snowman's Land, Tall Tall Mountain, Tiny-
Huge Island, Rainbow Ride
Fly Guy
53.9%
Tall Tall Mountain
Ukiki
53.5%
Shifting Sand Land
Klepto the Condor
52.2%
Big Boo's Haunt
Mad Piano
50%
Whomp's Fortress
Bullet Bill
49%
Big Boo's Haunt, Hazy Maze Cave, Lethal Lava Land
Mr. I
48.3%
Dire Dire Docks
Sushi
48.1%
Notable Levels
Enemy
% Correct
Tiny-
Huge Island
Grand Goomba
47.7%
Tall Tall Mountain, Tiny-
Huge Island, Rainbow Ride
Lakitu
46.9%
Shifting Sand Land
Pokey
46.8%
Big Boo's Haunt
Bookend
46.1%
Snowman's Land
Chill Bully
45.2%
Wet-
Dry World, Tall Tall Mountain, Tiny-
Huge Island, Rainbow Ride, Bowser in the Sky
Chuckya
41.9%
Big Boo's Haunt
Big Mr. I
41.8%
Lethal Lava Land
(Lava) Bubble
41.8%
Bowser in the Dark World, Shifting Sand Land, Vanish Cap Under the Moat, Bowser in the Fire Sea, Snowman's Land, Wet-
Dry World, Tick Tock Clock, Rainbow Ride, Bowser in the Sky
Amp
40.9%
Shifting Sand Land
Eyerok
40.6%
Jolly Roger Bay, Dire Dire Docks
Clam
40.4%
Shifting Sand Land
Tox Box
39.4%
Hazy Maze Cave, Tall Tall Mountain
Monty Mole
37.4%
Hazy Maze Cave
Swoop
37.2%
Dire Dire Docks
Manta
36.6%
Tiny-
Huge Island
Micro Goomba
35.5%
Tiny-
Huge Island
Bubba
35%
Hazy Maze Cave, Cavern of the Metal Cap,
Snufit
33.5%
Tall Tall Mountain, Tiny-
Huge Island, Rainbow Ride
Spiny
32.9%
Cool Cool Mountain, Snowman's Land
Spindrift
32.2%
Tiny-
Huge Island
Piranha Flower
29.9%
Tall Tall Mountain
Fwoosh
27.1%
Snowman's Land
Moneybag
25%
Shifting Sand Land
Spindel
25%
Wet-
Dry World, Tick Tock Clock
Heave-Ho
23.9%
Shifting Sand Land
Tweester
20.7%
Tiny-
Huge Island, Bowser in the Sky
Small Piranha
20.2%
Shifting Sand Land, Vanish Cap Under the Moat, Bowser in the Fire Sea, Wet-
Dry World, Tiny-
Huge Island, Tick Tock Clock
Keronpa Ball
19.6%
Quiz Playlist
Details
Report
Send in Message
Add To Playlist
More Info:
The first level column counts only the normal 15 worlds, unless it appears only in a bonus world (like Bowser).
Classic:
Type in answers that appear in a list
Quiz Source
Last Updated: May 19, 2020
Quiz Scoreboard
CHALLENGE
Sign Up to Join the Scoreboard
Show All
Scores
Hide
Comments
May contain spoilers
Recently Published
1-10 Letter E Words III
by El_Dandy
Language
2m
One Thing in Common: World Cities II
by knightlancer
Geography
7m
Popular People in 1961
by mucciniale
History
6m
More to Explore
Quiz From the Vault
Featured Blog Post
Where Did the Easter Bunny Come From?
hide this ad
You Might Also Like...
Tags
Mario Quiz
Enemy
Level
Today's Top Quizzes in Gaming
Browse Gaming
hide this ad
Today's Top Quizzes in Mario
Browse Mario
Top Contributed Quizzes in Gaming
1
Destiny 2 exotic weapons by perk icons
2
Who's on the WWE 2K24 Cover?
3
Windmill: Pokémon
4
Overwatch 2 Heroes by Selection Quote
5
Overwatch 2: Ultimate Ability Icons
6
Genshin Impact Logic Puzzle
7
Genshin murder mystery
8
Legendary or Exotic?
9
Overwatch Logic Puzzle
10
Franchise by Action Figure
Explore More
Trending Topics
Anime
Kpop
Disney
Harry Potter
Crossword
Marvel
NBA
Country
NFL
Soccer
The Office
WWE
Puzzle
Song
Pokémon
hide this ad
More By:
zacharyyale
Quiz
Plays
Rating
Category
Featured
Created
Gaming Silhouettes
46,150
4.31
Gaming
Jun 15, 2014
Gaming Silhouettes II
33,967
4.18
Gaming
May 10, 2015
Gaming Silhouettes III
7,481
3.65
Gaming
Aug 6, 2016
Kirby Bosses
6,412
4.10
Gaming
Dec 23, 2009
Games of Nintendo Franchises
3,956
4.59
Gaming
Aug 5, 2014
Go to Creator's Profile
Score Distribution
Quiz Creator Spotlight
zacharyyale
Follow
Send a Message
Quizzes Created
-
Created Quiz Play Count
-
More By This Creator
Popular Quizzes Today
1
Find the US States - No Outlines Minefield
2
Find the Countries of Europe - No Outlines Minefield
3
The Countries of the World
4
Popular People in 1961
5
1-10 Letter E Words III
6
Find the US States
7
One Thing in Common: World Cities II
8
US States
More Gaming Quizzes
Put Pokémon Together
Published
Trending Quizzes
Risky Map Clicking: Least Populous States A-Z
1-10 Letter F Words
1-10 Letter G Words
One Thing in Common: United Kingdom
Risky Map Clicking: Biggest States A-Z
Recently Updated
Leaping Animals
pecheneg
Reality TV Shows (A-Z)
bhenderson79
Rickey Henderson's Hall of Fame Teammates
pecheneg
Champions League XIs: Arsenal
pecheneg
Quick Pick: Celebrities in WWE's Hall of Fame
aduchscher
A-Z Keypad Blitz II
pecheneg
Multiple Oscar Actors
pecheneg
Mystery Phrase Blitz: Oscar 'Best Actors'
pecheneg
F. Scott Fitzgerald Novels
LTH
Pick 3 Villains
ddd62291
Trending Topics
Kpop
Crossword
Disney
Anime
NBA
Marvel
Harry Potter
Soccer
Song
Country
NFL
Puzzle
The Office
Pokémon
WWE
Your Account Isn't Verified!
In order to create a playlist on Sporcle, you need to verify the email address you used during registration. Go to your
Sporcle Settings
to finish the process.
Report this User
Report this user for behavior that violates our
Community Guidelines
.
Details:
Send Report
Go to the Sporcle.com Mobile Site →
Comments